000 00537nam a2200181Ia 4500
999 _c14749
_d14749
003 OSt
005 20201020121308.0
008 190216s9999||||xx |||||||||||||| ||und||
020 _a0195658299
040 _coclc
082 _a891.4435
_bTAG/S
100 1 _aTagore, Rabindranath
_d1861-1941
_938
245 0 _aSelected Short Stories /
_cRabindranath Tagore
260 _bOxford University Press,
_c2012.
_aNew delhi:
300 _a322p
650 _aEnglish
942 _cBK
_2ddc
_h891.4435
_iTAG/S
_k891.4435
_mTAG/S